000 00722nam a22002297a 4500
003 UA-OsUOA
001 77658
007 ta
008 20110920b un ||||| |||| 00| 0 ukr d
100 _aСіренко Н.М.
700 _aСинявська І.М.
090 _a330(477)
_bС41
942 _cSA
040 _aUA-OsUOA
_bukr
_cUA-OsUOA
_dUA-OsUOA
245 _aІнтелектуальна рента в моделі інноваційного розвитку аграрного сектору економіки
300 _aС.128-133
955 _a0
041 _aukr
080 _a330(477)
773 0 _w77639
_tЕкономіка АПК
_dК.
_d2011
_g9
650 7 _a330 Економіка взагалі
_2UDC
999 _c363966
_d363966